| 000 | 00000nas 2200000za 4500 |
| 001 | 9.501560 |
| 003 | CaOODSP |
| 005 | 20230412090645 |
| 007 | cr ||||||||||| |
| 008 | 150406d20062006xxc|| p o||||f| |0fre|d |
| 022 | |a1914-1238 |
| 040 | |aCaOODSP|bfre |
| 043 | |an-cn--- |
| 086 | 1 |aCW70-13F-PDF |
| 110 | 2 |aService canadien de la faune.|eauteur, |eorganisme de publication. |
| 245 | 13|aLe Réseau des aires protégées d'Environnement Canada, rapport annuel |h[ressource électronique] |
| 246 | 14|aLes aires protégées d'Environnement Canada - rapport annuel |
| 260 | |aOttawa - Ontario : |bEnvironnement Canada. |
| 310 | |aAnnuel |
| 362 | 1 |aparaît depuis et ne paraît plus après 2005/2006. |
| 691 | 07|aAire de conservation|2gcpds |
| 691 | 07|aRapport annuel|2gcpds |
| 775 | 08|tEnvironment Canada's Protected Areas Network annual report |w(CaOODSP)9.505161 |